00771nam a2200169Ia 450000500170000000800410001702000130005808200130007110000180008424501050010226000510020730000130025850002140027194200060048595200950049199900150058620250124031904.0240331s9999 xx 000 0 und d a13910582 bBALa920 aBalasuriya, T 0aTruth and the ambivalence of power :bdocuments relating to the ex communication of Tissa Balasuriya aColombobCentre for Society and Religionc1997 a196 p ., aThe issue "Truth and the Ambivalence of power" is a sequel to Doing Marian Theology" in which the Documentation of mis-communication between the Bishops Conference of Sri Lanka and Fr, Balasuriya are published cL 001040708LaWERCLbWERCLcSSCd2024-03-31l0o 920 BALp5532r2024-03-31w2024-03-31yL c2645d2645